Science Quiz

Random Science Quiz

Sensory Processes Review 2 Quiz Stats

 Plays Quiz not verified by Sporcle

Score 0/31 Timer 20:00
0 Plays Today
Hint Term % Correct
if your optic tract has a lesion then you havehomonymous hemianopia
100%
the first synapse that occurs in the visual pathway occurs in the lateral geniculate
100%
if there are lesions in the optic radiations then you havehomonymous hemianopia with macular sparing
100%
if your right optic nerve has a lesion then you have right anopia
66.7%
if your optic chiasm has a lesion then you have bitemporal hemianopia
66.7%
the pathway that ends with the pupillary muscles is called the:light reflex pathway
66.7%
the LGN has this type of patternlamellar
66.7%
the LGN uses these layers for the ipsilateral eye (separate numbers by commas)2,3,5
66.7%
term for 'mapping of the retina'retinotopicity
66.7%
are P fibres small or large in diameter?small
66.7%
what does P stand for?parvocellular
66.7%
what does M stand for?magnocellular
66.7%
this type of reticular formation is important for arousal, attention and learningascending
66.7%
descending reticular formation is important for:muscle tone
66.7%
these allow continuous flow of informationdrivers
66.7%
these control the things that allow continuous flow of informationmodulator
66.7%
Hint Term % Correct
in the 'fast loop' the retina transfers information to the pulvinar which will then transfer information to the:amygdala
66.7%
the pulvinar is important in this type of 'blindsight'affective
66.7%
pulvinar is rapidly activated when this type of face is presentedfearful
66.7%
alignment of biological rhythms to ambient light-dark cyclesphotoentrainment
66.7%
the third photoreceptor of the retinamelanopsin
66.7%
the melatonin is produced by this glandpineal
66.7%
near the fovea are there more M or P cells?P
66.7%
type 1 cells in the LGN see contrast between these 2 coloursred and green
66.7%
because it is organized in layers, the primary visual cortex can be called the ______ cortexstriate
66.7%
columns whose sections respond to different orientations of a barorientation columns
66.7%
columns that are organized by alternating areas that correspond to left eye and right eyeocular dominance columns
66.7%
A 1-millimeter block of striate cortex representing: All orientations Both the eyes hypercolumn
66.7%
cells that are sensitive to orientation movement or movement directioncomplex cells
66.7%
neurons that responded best to bars of particular orientation, direction of movement, and length of bar are calledhypercomplex
33.3%
name this pathway: retina optic nerve -> lgn -> primary visual cortex -> frontal eye field -> oculomotor nerve nucleus -> III nerve -> (i can't write this one or it will be obviousaccommodation reflex pathway
0%

You're not logged in!

Compare scores with friends on all Sporcle quizzes.
OR
Log In

Sporcle TV

Today on Sporcle TV


Watch our educational content, quiz creation guides, and fun videos on Sporcle TV.

Show Comments

Extras

Created Nov 9, 2010ReportNominate
Tags:process, review, sensory, term

Top Quizzes Today


Score Distribution

Your Account Isn't Verified!

In order to create a playlist on Sporcle, you need to verify the email address you used during registration. Go to your Sporcle Settings to finish the process.

Report this User

Report this user for behavior that violates our Community Guidelines.

Details: